|
|
|
|
| LEADER |
00000nab a2200000 a 4500 |
| 001 |
vtls000632297 |
| 003 |
SK-MaSNL |
| 005 |
20260426070850.0 |
| 008 |
201103c1997 xo 0 slo |
| 015 |
|
|
|a SNBRB19rr/mm-uuuuu
|
| 035 |
|
|
|a CL0632436
|
| 040 |
|
|
|a SNKBUCL
|b slo
|c SNKBUCL
|e AACR2
|
| 041 |
0 |
|
|a slo
|
| 044 |
|
|
|a xo
|c SK
|
| 080 |
|
|
|a 31:336(437.6)
|2 1981
|
| 245 |
0 |
0 |
|a Vývoj úverov a peňažnej zásoby v máji 1997
|
| 300 |
|
|
|b Tab. 7
|
| 650 |
0 |
7 |
|a úvery
|2 snkbucl
|9 2375
|
| 650 |
0 |
7 |
|a zásoba peňažná
|2 snkbucl
|9 918295
|
| 651 |
|
7 |
|a Slovensko
|2 SNKPHgeo
|9 14231
|
| 655 |
|
7 |
|a články z novín a časopisov
|2 snkbucl
|9 267496
|
| 773 |
0 |
|
|t Bulletin
|g Č. 6 (1997), s. A1-A4
|
| 850 |
|
|
|a Slovenská národná knižnica v Martine
|a MTA001
|
| 852 |
|
|
|a SNK
|b KIS3GCP
|
| 958 |
|
|
|a SK
|
| 958 |
|
|
|a RK
|
| 958 |
|
|
|a RBX
|
| 999 |
|
|
|c 2672001
|d 2673931
|